000
00373nam a2200181Ia 4500
100
_a
Krishnamurthy/N
650
_a
Chemistry
250
_a
3
942
_c
BK
366
_f
25
654
_a
chemistry
245
_a
Engineering Chemistry
260
_b
Prentice -Hall of India
_c
2014
082
_b
KRI
300
_a
372
546
_a
ENGLISH
_c
Computers
999
_c
22366
_d
22366